000 00509nam a2200157 i 4500
001 149751
003 ES-MaACL
005 20230906203237.0
007 t|
008 071024s1962 sp ||||1| spa d
100 1 _aValtierra, Angel.
_9112991
245 1 0 _aEstampas bíblicas
_b: la tierra del Señor : paisajes y santuario del Evangelio /
_cpor Angel Valtierra.
260 _aBurgos :
_bHijos de Santiago Rodríguez,
_c1962.
300 _a395 p. :
_bil. ;
_c25 cm.
852 _aES-MaACL
_jC-20907
_bR.49388
999 _c149751
_d149751